La Législation Civile, Commerciale Et Criminelle De La France, Ou Commentaire Et Complément Des Codes Francais. (Record no. 73676)
[ view plain ]
| 000 -LEADER | |
|---|---|
| fixed length control field | 02271nam a2200277 i 4500 |
| 003 - CONTROL NUMBER IDENTIFIER | |
| control field | EG-GICUC |
| 005 - DATE AND TIME OF LATEST TRANSACTION | |
| control field | 20260427121842.0 |
| 008 - FIXED-LENGTH DATA ELEMENTS--GENERAL INFORMATION | |
| fixed length control field | 260427s1830 fr ||||fr|||| 00| 0 fre d |
| 040 ## - CATALOGING SOURCE | |
| Original cataloging agency | EG-GiCUC |
| Language of cataloging | fre |
| Transcribing agency | EG-GiCUC |
| Modifying agency | EG-GiCUC |
| Description conventions | Rda |
| 082 04 - DEWEY DECIMAL CLASSIFICATION NUMBER | |
| Edition number | 21 |
| Classification number | 343.044 |
| Item number | LO . L |
| 092 04 - LOCALLY ASSIGNED DEWEY CALL NUMBER (OCLC) | |
| Edition number | 21 |
| 099 ## - LOCAL FREE-TEXT CALL NUMBER (OCLC) | |
| Classification number | Law1 10 343.044 LO . L 1830 |
| 100 1# - MAIN ENTRY--PERSONAL NAME | |
| Personal name | Locré, M. Le Baron |
| Relator term | Auteur |
| 245 10 - TITLE STATEMENT | |
| Title | La Législation Civile, Commerciale Et Criminelle De La France, Ou Commentaire Et Complément Des Codes Francais. |
| Medium | Tome Vingt Et Unième / |
| Statement of responsibility, etc. | Par M. Le Baron Locré. |
| 264 #1 - PRODUCTION, PUBLICATION, DISTRIBUTION, MANUFACTURE, AND COPYRIGHT NOTICE | |
| Place of production, publication, distribution, manufacture | France : |
| Name of producer, publisher, distributor, manufacturer | Treuttel Et Würtz, Libraires, |
| Date of production, publication, distribution, manufacture, or copyright notice | 1830. |
| 300 ## - PHYSICAL DESCRIPTION | |
| Extent | 664 page , |
| Dimensions | 24 cm. |
| 336 ## - CONTENT TYPE | |
| Source | rda contenu |
| Content type term | texte |
| 337 ## - MEDIA TYPE | |
| Source | rda medias |
| Media type term | Ordinateur |
| 338 ## - CARRIER TYPE | |
| Source | transporteur rda |
| Carrier type term | Ressource en ligne |
| 500 ## - GENERAL NOTE | |
| General note | TIRES, SAVOIR:<br/>ELET,<br/>Le COMMENTAIRE, de la conférence avec le texte des Codes, et, entre eux, des Procès-verbaux, en partie inédits, du Conseil d'Etat qui contiennent la discussion du CODE CIVIL; des Procès-verbaux, entièrement inédits, de la discussion du CODE DE COMMERCE, du CODE DE PROCÉDURE, du CODE D'INSTRUCTION CRIMI NELLE et du CODE PÉNAL; des Observations, également inéditer, de la section de législation du Tribunat sur les projets des trois premiers Codes, et de celles des commissions du Corps Législatif sur les deux derniers; enfin, des Exposés de motifs, Rapports et Discours faits ou prononcés, tant dans l'Assemblée générale du Tribunat, que devant le Corps Législatif;<br/>Le COMPLÉMENT, des Lois antérieures auxquelles les Codes se réfèrent; des Lois postérieures qui les étendent, les modifient; des Discussions dont ces lois sont le résultat; des Ordonnances, Décrets, Avis du Conseil, et autres Actes du pouvoir exécutif et réglémentaire destinés à en procurer l'exécution.<br/>Le tout précédé de PROLEGOMÈNES, où l'on expose, dans une première partie, le mode de porter la loi qui était en usage lors de la confection des Codea, et quels travaux préparatoires il a produits; où, dans une seconde, on trace 'Histoire générale de chaque Code. |
| 546 ## - LANGUAGE NOTE | |
| Language note | Texte en français |
| 650 1# - SUBJECT ADDED ENTRY--TOPICAL TERM | |
| Topical term or geographic name entry element | Droit Pénal |
| 856 40 - ELECTRONIC LOCATION AND ACCESS | |
| Uniform Resource Identifier | <a href="https://fll.law.cu.edu.eg/fulltext/bks/B10-11627pdf">https://fll.law.cu.edu.eg/fulltext/bks/B10-11627pdf</a> |
| 905 ## - Cataloger and Reviser Names | |
| Cataloger Name: | Basma Mohamed |
| 942 ## - ADDED ENTRY ELEMENTS (KOHA) | |
| Source of classification or shelving scheme | Dewey Decimal Classification |
| Suppress in OPAC | No |
| Koha item type | Books |
| Edition | 21 |
| Withdrawn status | Lost status | Source of classification or shelving scheme | Damaged status | Not for loan | Collection | Home library | Current library | Date acquired | Total checkouts | Full call number | Barcode | Date last seen | Copy number | Price effective from | Koha item type |
|---|---|---|---|---|---|---|---|---|---|---|---|---|---|---|---|
| Dewey Decimal Classification | Not for loan | القانون الجنائي | جــــامعة القــاهرة | مكتبة كلية الحقوق - المبنى الرئيسي | 27.04.2026 | Law1 10 343.044 LO . L 1830 1011627 V21, C1 | B10-11627 | 27.04.2026 | 1 | 27.04.2026 | Books |